00762nam a22002297a 450000500170000001000130001702000220003003500130005203700160006504000120008108200110009310000240010424500440012826000380017227000460021030000200025665000330027665000260030994200200033599900190035595201580037420170124110117.0 aA-379606 c00.00a0434186368 aA-379606 bCen Lib/Ret aDPLbEN aNbDES aDesai, Anita929377 aBaumgartner's Bombay /cby Anita Desai  aLondon bWilliam Heinemann c1988 bLondon aMichelin house, 81, fulham road  a229p.c19cm(Hb) aLiterature -- fiction973495 aEnglish novel 914422 2ddccENhNmDES c130842d130842 04104070aLbLd2015-07-10eCen Lib/Retg0.00l0oN DESpA-379606r2015-07-10 00:00:00t1v0.00w2015-07-10yENzW/d List No. 6866/14 ; dtd 08/08/2020